|
|
|
|
| LEADER |
00000naa a2200000uu 4500 |
| 001 |
vtls011085516 |
| 003 |
SK-MaSNL |
| 005 |
20260302105214.0 |
| 008 |
220810|2003 xo |||||||||||||||||cze| |
| 015 |
|
|
|a SNBRA
|
| 035 |
|
|
|a (urnnbn)urn:nbn:sk:snk:ar-a0cm2m
|
| 035 |
|
|
|a (uuid)3701a9e4-a144-49ff-bb0f-234eb9e27a42
|
| 035 |
|
|
|a urn:nbn:sk:snk-aavryd
|
| 040 |
|
|
|a SNKBUCL
|b slo
|c SNKBUCL
|e AACR2
|
| 041 |
0 |
|
|a cze
|
| 044 |
|
|
|a xo
|c SK
|
| 100 |
1 |
|
|a Rotrekl, J.
|4 aut
|9 783538
|
| 245 |
1 |
0 |
|a Vliv redukovaného zpracování půdy na výskyt některých živočišných škůdců
|c J. ROTREKL
|
| 246 |
3 |
|
|a Effect of reduced soil tillage on the occurrence of some animal pests
|
| 773 |
0 |
|
|t XVI. slovenská a česká konferencia o ochrane rastlín
|d V Nitre : Slovenská poľnohospodárska univerzita, 2003
|g S. 207-208
|z 8080692351
|
| 954 |
|
|
|a odborná, vedecká literatúra cudzojazyčná (svetová)
|2 lita
|
| 958 |
|
|
|a OND
|
| 958 |
|
|
|a article12
|
| 958 |
|
|
|a chapter
|
| 999 |
|
|
|c 1237762
|d 1239692
|